000 00725nam a2200229Ia 4500
003 OSt
005 20220923212450.0
006 a|||||r|||| 00| 0
007 ta
008 220922b |||||||| |||| 00| 0 hin d
024 _a153,262
037 _cTextual
040 _aARTS
_cARTS
_bhin
041 _2hin
_ahin
082 _aO142:3M68w, 152K5.2
100 _aगोर्की, मक्सिम
245 0 _aजनता के बीच भाग 2, नरोत्तम नागर अनु
246 _aJanatā ke bīch bhāg 2, narottam nāgar anu0
260 _c1965
942 _hO142:3M68w, 152K5.2
_cTEXL
_2CC
999 _c308909
_d308909